000
00317nam a2200145Ia 4500
100
_a
Fontana/ Mars G.
942
_c
BK
654
_a
Corrosion Engineering
245
_a
Corrosion Engineering
260
_b
McGraw Hill
_a
New York
_c
1987
082
_a
620.1
_b
Fon
300
_a
556
546
_a
ENGLISH
999
_c
34535
_d
34535